Disasters in Aberfan and Grenfell

Chapter one deals with the disasters that occurred in Aberfan and Grenfell. In the Welsh pit village of Aberfan, there were 144 deaths (116 of which were children at school) as a result of slippage from the coal tips surrounding the areas of habitat and education within the proximity. Corporate crim...

Descripción completa

Guardado en:  
Detalles Bibliográficos
Autores principales: Radiven, Claudia (Autor) ; Prideaux, Simon (Autor)
Tipo de documento: Print Artículo
Lenguaje:Inglés
Publicado: 2021
En: Crimes of states and powerful elites
Año: 2021, Páginas: 9-32
Verificar disponibilidad: HBZ Gateway

MARC

LEADER 00000naa a2200000 c 4500
001 1960310054
003 DE-627
005 20260209085242.0
007 tu
008 260209s2021 xx ||||| 00| ||eng c
020 |a 9781785279874 
035 |a (DE-627)1960310054 
035 |a (DE-599)KXP1960310054 
040 |a DE-627  |b ger  |c DE-627  |e rda 
041 |a eng 
084 |a 2,1  |2 ssgn 
100 1 |a Radiven, Claudia  |e VerfasserIn  |0 (DE-588)1258270242  |0 (DE-627)1804251348  |4 aut 
245 1 0 |a Disasters in Aberfan and Grenfell  |c Claudia Radiven and Simon Prideaux 
264 1 |c 2021 
336 |a Text  |b txt  |2 rdacontent 
337 |a ohne Hilfsmittel zu benutzen  |b n  |2 rdamedia 
338 |a Band  |b nc  |2 rdacarrier 
500 |a Literaturverzeichnis: Seite 29-32 
520 |a Chapter one deals with the disasters that occurred in Aberfan and Grenfell. In the Welsh pit village of Aberfan, there were 144 deaths (116 of which were children at school) as a result of slippage from the coal tips surrounding the areas of habitat and education within the proximity. Corporate crime and the lack of prosecutions or attributable blame are duly exposed in this study. So too is the social harm that was inflicted as a result of the National Coal Board's negligent management of the Merthyr Vale Colliery and its lands. The Grenfell disaster resulted in 72 deaths as a malfunctioning fridge-freezer caused a blaze that swept through a tower block of flats in London. Policy questions about safety regulations allow the case study to provide an unwelcome insight into the inequalities in Britain that should not have come about, particularly when the piece considers austerity and the resultant policy impacts on social housing and expenditure costs. Poignantly, it is argued that these impacts have formed a strong demonstration of how the incident at Grenfell should be construed as an economic State crime and thus be prosecuted as such. Overall, these two case studies collectively represent a clear example of what can occur when the lessons of history are ignored. In both studies, potentially fatal issues with health and safety in the United Kingdom were brought to the attention of those in authority and were subsequently ignored as the victim's interests were not considered to be as expedient as the dominant corporate interest. While both these cases can be and often are referred to as disasters, it is important to note that – as will become apparent – there was potential for both to be avoided. Warnings were issued in both circumstances and were not heeded. Communities were seen as dispensable and profit was put before safety and human lives. Crucially, both studies reveal the atrocious attempts by government agencies to obfuscate or delay ensuing inquiries and reports. Indeed, such inexcusable behaviour amply demonstrates the fact that the perpetrators of these social harms were aware not only of what they had done but also of how these events affected their image and the image of official governance. 
700 1 |a Prideaux, Simon  |e VerfasserIn  |0 (DE-588)109549967X  |0 (DE-627)856112909  |0 (DE-576)396510426  |4 aut 
773 0 8 |i Enthalten in  |t Crimes of states and powerful elites  |d London : Anthem Press, 2021  |g (2021), Seite 9-32  |h xi, 218 Seiten  |w (DE-627)1764289560  |z 9781785279874  |z 1785279874  |7 nnam 
773 1 8 |g year:2021  |g pages:9-32 
951 |a AR 
ELC |b 1 
LOK |0 000 xxxxxcx a22 zn 4500 
LOK |0 001 4911364122 
LOK |0 003 DE-627 
LOK |0 004 1960310054 
LOK |0 005 20260209085242 
LOK |0 008 260209||||||||||||||||ger||||||| 
LOK |0 040   |a DE-2619  |c DE-627  |d DE-2619 
LOK |0 092   |o n 
LOK |0 852   |a DE-2619 
LOK |0 852 1  |9 00 
LOK |0 939   |a 09-02-26  |b l01 
ORI |a WA-MARC-krimdoka001.raw